000 00497nam a2200169 4500
001 149108
003 ES-MaACL
005 20230906202943.0
007 t|
008 070214s1968 sp r ||||1| spa d
100 1 _aSymon, Keith R.
_9108970
245 1 0 _aMecánica /
_cKeith R. Symon ; versión de Albino Yusta Almarza.
260 _aMadrid :
_bAguilar,
_c1968.
300 _aXVI, 551 p. :
_bil. ;
_c22 cm.
700 1 _aYusta Almarza, Albino.
_9117753
852 _aES-MaACL
_jC-34621
_bR.67118
999 _c149108
_d149108